[Event "Prague Rejfir Memorial"]
[Site "Prague"]
[Date "2010.04.??"]
[Round "8"]
[White "Pochinkov, Andrey"]
[Black "Lacina, Filip"]
[Result "1-0"]
[WhiteElo "2215"]
[BlackElo "2000"]
[PlyCount "85"]
[EventDate "2010.04.??"]
[EventType "swiss"]
[EventRounds "9"]
[EventCountry "CZE"]
[SourceTitle "EXT 2012"]
[Source "ChessBase"]
[SourceDate "2011.11.24"]
[SourceVersion "1"]
[SourceVersionDate "2011.11.24"]
[SourceQuality "1"]

1. Nf3 d5 2. b3 Nf6 3. Bb2 e6 4. d4 Bd6 5. Nbd2 0-0 6. e3 c5 7. Bd3 Nc6 8. Ne5 Nb4 9. Be2 b6 10. a3 Na6 11. 0-0 Nb8 12. f4 Bb7 13. f5 exf5 14. Rxf5 cxd4 15. exd4 Bc8 16. Rf1 Be6 17. Bd3 Nbd7 18. h3 a6 19. Qe2 b5 20. a4 Qb6 21. Kh1 Rac8 22. axb5 axb5 23. g4 g6 24. Ndf3 Bxe5 25. dxe5 Ne4 26. Bxe4 dxe4 27. Qxe4 Nc5 28. Qe3 Qb7 29. Kh2 Qe4 30. Qxe4 Nxe4 31. Nd4 Rfe8 32. Ra5 Red8 33. Rxb5 Rxd4 34. Bxd4 Rxc2+ 35. Kg1 Ng5 36. h4 Ne4 37. g5 Nd2 38. Rf2 Rc1+ 39. Kh2 Nxb3 40. Bb2 Rd1 41. Rb8+ Kg7 42. Ba3 h5 43. Be7 1-0

[Event "Prague Rejfir Memorial"]
[Site "Prague"]
[Date "2010.04.??"]
[Round "5"]
[White "Pochinkov, Andrey"]
[Black "Sevcak, Frantisek"]
[Result "0-1"]
[WhiteElo "2215"]
[BlackElo "2145"]
[PlyCount "67"]
[EventDate "2010.04.??"]
[EventType "swiss"]
[EventRounds "9"]
[EventCountry "CZE"]
[SourceTitle "EXT 2012"]
[Source "ChessBase"]
[SourceDate "2011.11.24"]
[SourceVersion "1"]
[SourceVersionDate "2011.11.24"]
[SourceQuality "1"]

1. Nf3 c5 2. e3 d5 3. b3 Nc6 4. Bb2 Nf6 5. d4 Bg4 6. Nbd2 e6 7. Be2 Qc7 8. Ne5 Bxe2 9. Qxe2 Bd6 10. f4 0-0 11. 0-0 cxd4 12. exd4 Nxe5 13. fxe5 Qxc2 14. exf6 Qxb2 15. Qg4 g6 16. Nf3 Rfc8 17. Rae1 Rc2 18. Kh1 Rac8 19. Rxe6 fxe6 20. Qxe6+ Kh8 21. f7 Bf8 22. Ne5 Rf2 23. Rg1 Qc2 24. Qxd5 Qc7 25. Qe6 Qd8 26. Ng4 Rf5 27. Ne3 Rh5 28. g4 Ra5 29. Rf1 Kg7 30. d5 h6 31. a4 Rc7 32. Qe5+ Kh7 33. Qe8 Rxd5 34. Qe4 0-1

[Event "Chigorin Memorial 17th"]
[Site "St Petersburg"]
[Date "2009.10.23"]
[Round "8"]
[White "Pochinkov, Andrey"]
[Black "Ovod, Evgenija"]
[Result "1-0"]
[WhiteElo "2197"]
[BlackElo "2447"]
[PlyCount "79"]
[EventDate "2009.10.16"]
[EventType "swiss"]
[EventRounds "9"]
[EventCountry "RUS"]
[SourceTitle "CBM 132 Extra"]
[Source "ChessBase"]
[SourceDate "2009.11.03"]
[SourceVersion "1"]
[SourceVersionDate "2009.11.03"]
[SourceQuality "1"]

1. Nf3 d5 2. b3 c5 3. e3 a6 4. Bb2 Nc6 5. d4 cxd4 6. exd4 Bg4 7. Nbd2 e6 8. Be2 Rc8 9. 0-0 Nge7 10. c4 g6 11. Ne5 Bxe2 12. Qxe2 Bg7 13. Ndf3 0-0 14. Rfd1 Nxe5 15. dxe5 Qa5 16. Nd2 Rfd8 17. cxd5 Rxd5 18. Nc4 Qb5 19. Re1 Rc7 20. Qe3 Nc8 21. a4 Qd7 22. Qf3 b5 23. axb5 axb5 24. Ne3 Rd2 25. Rad1 h5 26. g4 hxg4 27. Nxg4 Rc5 28. Bc1 Qd5 29. Qxd5 Rdxd5 30. Be3 Rxd1 31. Rxd1 Rc7 32. Rd8+ Kh7 33. Bg5 Na7 34. Nf6+ Bxf6 35. Bxf6 g5 36. Rh8+ Kg6 37. Rg8+ Kf5 38. Rxg5+ Kf4 39. Rg3 b4 40. h3 1-0

[Event "Chigorin Memorial 17th"]
[Site "St Petersburg"]
[Date "2009.10.20"]
[Round "5"]
[White "Burtasova, Anna"]
[Black "Pochinkov, Andrey"]
[Result "0-1"]
[WhiteElo "2331"]
[BlackElo "2197"]
[PlyCount "52"]
[EventDate "2009.10.16"]
[EventType "swiss"]
[EventRounds "9"]
[EventCountry "RUS"]
[SourceTitle "CBM 132 Extra"]
[Source "ChessBase"]
[SourceDate "2009.11.03"]
[SourceVersion "1"]
[SourceVersionDate "2009.11.03"]
[SourceQuality "1"]

1. e4 e6 2. d4 d5 3. e5 c5 4. c3 Nc6 5. Nf3 Bd7 6. a3 f6 7. Be2 fxe5 8. dxe5 Qc7 9. Bf4 Nh6 10. 0-0 Nf7 11. Re1 0-0-0 12. Bf1 h6 13. b4 g5 14. Bg3 h5 15. b5 Ne7 16. h4 g4 17. Nfd2 Nf5 18. a4 Nxg3 19. fxg3 Nxe5 20. a5 c4 21. b6 axb6 22. axb6 Qxb6+ 23. Kh2 Bd6 24. Na3 Qf2 25. Kh1 Bc5 26. Bxc4 Qxg3 0-1

[Event "Chigorin Memorial 17th"]
[Site "St Petersburg"]
[Date "2009.10.18"]
[Round "3"]
[White "Azimova, Karina"]
[Black "Pochinkov, Andrey"]
[Result "0-1"]
[WhiteElo "1943"]
[BlackElo "2197"]
[PlyCount "112"]
[EventDate "2009.10.16"]
[EventType "swiss"]
[EventRounds "9"]
[EventCountry "RUS"]
[SourceTitle "CBM 132 Extra"]
[Source "ChessBase"]
[SourceDate "2009.11.03"]
[SourceVersion "1"]
[SourceVersionDate "2009.11.03"]
[SourceQuality "1"]

1. e4 e6 2. d4 d5 3. Nd2 Nf6 4. e5 Nfd7 5. Bd3 c5 6. c3 Nc6 7. Ne2 cxd4 8. cxd4 f6 9. exf6 Nxf6 10. 0-0 Bd6 11. Nf3 Qc7 12. Bg5 0-0 13. Rc1 h6 14. Bh4 Nh5 15. Bg3 Nxg3 16. Nxg3 g5 17. Bb1 Bd7 18. Qd3 Be8 19. Rfe1 Bf4 20. Rc3 Rf6 21. Ne5 Qg7 22. Ng4 Rg6 23. Qd1 Qxd4 24. Bxg6 Qxd1 25. Rxd1 Bxg6 26. Nf6+ Kf7 27. Nfh5 Be5 28. Rb3 Rb8 29. Rc1 Ke7 30. Kf1 d4 31. Ke1 d3 32. Kd2 Kd7 33. Rb5 a6 34. Rxe5 Nxe5 35. Nf6+ Ke7 36. Nfe4 Rd8 37. Rc7+ Rd7 38. Rxd7+ Kxd7 39. Kc3 b5 40. b3 a5 41. Kd4 Nc6+ 42. Kxd3 Nb4+ 43. Kd2 Nxa2 44. Nc5+ Ke7 45. Ne2 e5 46. Nc3 Nxc3 47. Kxc3 Be8 48. f3 Bc6 49. Nd3 Kd6 50. Nf2 Ke6 51. Ng4 h5 52. Ne3 h4 53. h3 e4 54. fxe4 Ke5 55. Kd3 Bxe4+ 56. Kd2 Kf4 0-1

[Event "Pobeskydy ArcelorMittal op"]
[Site "Frydek Mistek"]
[Date "2009.04.11"]
[Round "5"]
[White "Pochinkov, Andrey"]
[Black "Cyfka, Karina"]
[Result "1/2-1/2"]
[WhiteElo "2166"]
[BlackElo "2288"]
[PlyCount "92"]
[EventDate "2009.04.09"]
[EventType "swiss"]
[EventRounds "9"]
[EventCountry "CZE"]
[SourceTitle "CBM 129 Extra"]
[Source "ChessBase"]
[SourceDate "2009.05.05"]
[SourceVersion "2"]
[SourceVersionDate "2009.05.20"]
[SourceQuality "1"]

1. Nf3 Nf6 2. b3 g6 3. Bb2 Bg7 4. g3 0-0 5. Bg2 d6 6. d4 c6 7. Nbd2 d5 8. 0-0 a5 9. c4 a4 10. Re1 axb3 11. axb3 Rxa1 12. Bxa1 Na6 13. e4 Nb4 14. e5 Ne8 15. Bc3 Na6 16. Nf1 h6 17. Ne3 Be6 18. Nh4 b5 19. cxb5 cxb5 20. b4 g5 21. Nhf5 Bxf5 22. Nxf5 e6 23. Ne3 Qe7 24. Qd3 Nec7 25. Rb1 Nb8 26. f4 gxf4 27. gxf4 f5 28. exf6 Qxf6 29. Rf1 Nc6 30. f5 Ne7 31. fxe6 Qxe6 32. Rxf8+ Kxf8 33. Qf1+ Kg8 34. Qf3 Qc6 35. Ng4 Qb6 36. Qf2 Ne6 37. Nf6+ Kh8 38. Nxd5 Nxd5 39. Bxd5 Nxd4 40. Kh1 Qf6 41. Qxf6 Bxf6 42. Kg2 Kg7 43. Kf2 Kg6 44. Ke3 Nc2+ 45. Kd3 Bxc3 46. Kxc3 Nxb4 1/2-1/2

[Event "Pobeskydy ArcelorMittal op"]
[Site "Frydek Mistek"]
[Date "2009.04.09"]
[Round "2"]
[White "Foltyn, Lukasz"]
[Black "Pochinkov, Andrey"]
[Result "1/2-1/2"]
[WhiteElo "2008"]
[BlackElo "2166"]
[PlyCount "118"]
[EventDate "2009.04.09"]
[EventType "swiss"]
[EventRounds "9"]
[EventCountry "CZE"]
[SourceTitle "CBM 129 Extra"]
[Source "ChessBase"]
[SourceDate "2009.05.05"]
[SourceVersion "2"]
[SourceVersionDate "2009.05.20"]
[SourceQuality "1"]

1. e4 e6 2. d4 d5 3. Nc3 Bb4 4. Nge2 dxe4 5. a3 Be7 6. Nxe4 Nc6 7. Bf4 Nf6 8. Qd3 0-0 9. g3 e5 10. dxe5 Qxd3 11. cxd3 Nxe4 12. dxe4 g5 13. Be3 Nxe5 14. Nd4 Bc5 15. Be2 Ng4 16. Rc1 Bb6 17. Bxg4 Bxg4 18. 0-0 c6 19. f3 Rad8 20. Nc2 Bxe3+ 21. Nxe3 Be6 22. Rf2 Rd3 23. Re2 Rfd8 24. Kf2 Kg7 25. f4 f6 26. Rc5 h6 27. h4 gxf4 28. gxf4 R8d4 29. Kf3 f5 30. exf5 Bd5+ 31. Kg4 Re4 32. Rc3 Rxc3 33. bxc3 Bf7 34. Kf3 Ra4 35. Rd2 Rxa3 36. Rd7 b5 37. Ng4 Rxc3+ 38. Ke4 Rc4+ 39. Ke3 Kf8 40. Ne5 Be8 41. Rxa7 Rc3+ 42. Kd4 b4 43. f6 c5+ 44. Ke4 Ra3 45. Rb7 c4 46. Rxb4 c3 47. Rc4 Ra4 48. Rxa4 Bxa4 49. Kd3 c2 50. Kd2 Bb3 51. Kc1 h5 52. f5 Ke8 53. Kb2 Kf8 54. Kc1 Ke8 55. Ng6 Kf7 56. Nf4 Kxf6 57. Nxh5+ Kxf5 58. Ng3+ Kg4 59. Nf1 Kxh4 1/2-1/2